000 00704cab a2200229 4500
001 WB3030-24
008 090401t1994 xxu||||| |||| 00| 0 eng d
035 _a(Sirsi) u23742
041 _aeng
245 _aHistoric cities and tourism congestion
260 _c1994
350 _a0
490 _aDaily Telegraph
_v2 August 1994, 9(1)
520 _aHistoric cities including Canterbury and Chester are seeking ways to ease congestion in their city centres caused by their popularity as tourist centres.
650 _aHISTORIC TOWNS
650 _aTOURISM
650 _aTRAFFIC CONGESTION
690 _aCONSERVATION
690 _aPLANNING LAW AND PRACTICE
942 _n0
948 _c04/03/1997
999 _c15894
_d15894